Online Catalogue and eLibrary

Brithanya yatath vijitha yugaye Sri Lankawe jathika viyaparaya (Record no. 5198)

MARC details
000 -LEADER
fixed length control field 00482nam a2200169Ia 4500
005 - DATE AND TIME OF LATEST TRANSACTION
control field 20250701025241.0
008 - FIXED-LENGTH DATA ELEMENTS--GENERAL INFORMATION
fixed length control field 240331s9999 xx 000 0 und d
020 ## - INTERNATIONAL STANDARD BOOK NUMBER
ISBN 9551188608
082 ## - DDC Classification
Item Number - Author Mark BAN
Class No. 840
100 ## - MAIN ENTRY--PERSONAL NAME
Personal name Bandara,A.M.N
245 #0 - TITLE STATEMENT
Title Brithanya yatath vijitha yugaye Sri Lankawe jathika viyaparaya
260 ## - PUBLICATION, DISTRIBUTION, ETC.
Place of publication, distribution, etc. Colombo
Name of publisher, distributor, etc. Fast Publishing ( Private) Limited
300 ## - PHYSICAL DESCRIPTION
Extent (e.g. Volumes, Pages etc.) 476 p .,
650 ## - SUBJECT ADDED ENTRY--TOPICAL TERM
Topical term or geographic name entry element Sinhala Buddhist Nationalism
650 ## - SUBJECT ADDED ENTRY--TOPICAL TERM
Topical term or geographic name entry element Ceylon National Union
942 ## - Koha item type (Biblio)
Koha item type Books in Stacks (Lending)
Holdings
Lost status Damaged status Collection code Home library Current library Shelving location Date acquired Full call number Accession Number Item type
    Lending WERC Library WERC Library Social Science Cupboard 03/31/2024 840 BAN 6310 Books in Stacks (Lending)

© WERC Library